Olympischer Medaillenspiegel - Sydney 2000 - Statistiken

Allgemein
  • Dieses Quiz wurde 21 mal gespielt
  • Das Durchschnittsergebnis liegt bei 8 aus 10
Antwortstatistiken
Gold Silber Bronze Gesamt Land % Korrekt
28 16 15 59 China
100%
13 17 26 56 Deutschland
100%
13 14 11 38 Frankreich
100%
36 24 31 91 USA
100%
16 25 17 58 Australien
95%
32 28 29 89 Russland
95%
13 8 13 34 Italien
89%
11 10 7 28 Großbritannien
74%
8 10 10 28 Südkorea
74%
11 11 7 29 Kuba
21%
Keine übereinstimmenden Quizze gefunden
Verteilung der Resultate
Anzahl Personen mit jedem Resultat
Perzentil nach korrekt beantworteten Fragen
Ihre Resultats-Entwicklung
Sie haben dieses Quiz noch nicht gespielt